| 000 | 00926cam a2200241 4500 | ||
|---|---|---|---|
| 999 |
_c5182 _d5182 |
||
| 001 | 6136 | ||
| 005 | 20190618104446.0 | ||
| 008 | 190618b ||||| |||| 00| 0 eng d | ||
| 100 | 1 | _aHewings, Martin. | |
| 245 | 1 | 0 |
_aCambridge academic English : _bAn integrated skills course for EAP coursepack / _pStudent's book Upper intermediate / _c Course consultant: Michael McCarthy |
| 264 | 1 |
_aCambridge : _bCambridge University Press, _c2014. |
|
| 300 |
_a176 pages : _bcolor illustrations ; _c28 cm. |
||
| 336 |
_atext _2rdacontent |
||
| 337 |
_aunmediated _2rdamedia |
||
| 338 |
_avolume _2rdacarrier |
||
| 650 | 0 | _aAcademic language. | |
| 650 | 0 |
_aEnglish language _vTextbooks for foreign speakers |
|
| 650 | 0 |
_aEnglish language _xRhetoric _vProblems, exercises, etc. |
|
| 650 | 0 |
_aEnglish language _xUsage _vProblems, exercises, etc. |
|
| 700 | 1 |
_aMcCarthy, Michael, _d1947- |
|
| 700 | 1 |
_aThaine, Craig, _d1958- |
|
| 942 |
_2ddc _cMAIN |
||